[Event "Madrid-chT Honor 2223"]
[Site "Madrid"]
[Date "2023.03.05"]
[Round "12.2"]
[White "Sanchez Gonzalez, Sergio"]
[Black "Neagu, Roberto Florin"]
[Result "0-1"]
[WhiteElo "2258"]
[BlackElo "2314"]
[PlyCount "50"]
[EventDate "2022.11.20"]
[EventType "team-tourn"]
[EventRounds "14"]
[EventCountry "ESP"]
[SourceTitle "EXT 2024"]
[Source "ChessBase"]
[SourceDate "2023.10.10"]
[SourceVersion "1"]
[SourceVersionDate "2023.10.10"]
[SourceQuality "1"]
[WhiteTeam "Villalba 64"]
[BlackTeam "Alcorcon Diagonal"]
[WhiteTeamCountry "ESP"]
[BlackTeamCountry "ESP"]

1. Nf3 d5 2. b3 Nc6 3. Bb2 Bf5 4. e3 Nf6 5. Bb5 a6 6. Bxc6+ bxc6 7. d4 Bg4 8. h3 Bxf3 9. Qxf3 e6 10. 0-0 Be7 11. c4 0-0 12. Rc1 Ne4 13. Nc3 f5 14. cxd5 cxd5 15. Qe2 Bd6 16. Nxe4 fxe4 17. Rc6 Qh4 18. Rf1 a5 19. Ra6 Rxa6 20. Qxa6 g5 21. Qe2 h5 22. Bc3 g4 23. Be1 Rf3 24. Qb5 gxh3 25. Qe8+ Kg7 0-1

[Event "Collado Villalba Grupo Gallinero op 1st"]
[Site "Collado Villalba"]
[Date "2022.08.14"]
[Round "5"]
[White "Sanchez Gonzalez, Sergio"]
[Black "Ruano Marco, Javier"]
[Result "1-0"]
[WhiteElo "2306"]
[BlackElo "2174"]
[PlyCount "61"]
[EventDate "2022.08.12"]
[EventType "swiss"]
[EventRounds "9"]
[EventCountry "ESP"]
[SourceTitle "CBM 210 Extra"]
[Source "ChessBase"]
[SourceDate "2022.11.30"]
[SourceVersion "1"]
[SourceVersionDate "2022.11.30"]
[SourceQuality "1"]

1. e4 c5 2. Nf3 Nc6 3. c3 Nf6 4. e5 Nd5 5. d4 cxd4 6. Bc4 Nb6 7. Bb3 g6 8. cxd4 Bg7 9. 0-0 0-0 10. Bf4 d5 11. h3 Bf5 12. Nc3 a6 13. Rc1 Qd7 14. Ba4 Rac8 15. Re1 Nc4 16. Bxc6 Rxc6 17. Na4 Rfc8 18. b3 Na3 19. Nc5 Qc7 20. Qd2 Ra8 21. g4 Be6 22. Ng5 Qc8 23. Qb4 Nb5 24. Ncxe6 fxe6 25. a4 Nc3 26. Qxe7 Ne2+ 27. Rxe2 Rxc1+ 28. Bxc1 Qxc1+ 29. Kg2 h6 30. Nxe6 Bf8 31. Qf6 1-0

[Event "Collado Villalba Grupo Gallinero op 1st"]
[Site "Collado Villalba"]
[Date "2022.08.13"]
[Round "3"]
[White "Sanchez Gonzalez, Sergio"]
[Black "Pastor Alonso de Prado, Emilio Alberto"]
[Result "1-0"]
[WhiteElo "2306"]
[BlackElo "2050"]
[PlyCount "61"]
[EventDate "2022.08.12"]
[EventType "swiss"]
[EventRounds "9"]
[EventCountry "ESP"]
[SourceTitle "CBM 210 Extra"]
[Source "ChessBase"]
[SourceDate "2022.11.30"]
[SourceVersion "1"]
[SourceVersionDate "2022.11.30"]
[SourceQuality "1"]

1. c4 Nf6 2. Nf3 c5 3. Nc3 e6 4. g3 b6 5. Bg2 Bb7 6. 0-0 Be7 7. Re1 d5 8. cxd5 Nxd5 9. Nxd5 exd5 10. d4 Nd7 11. Bf4 0-0 12. Qa4 a6 13. Rad1 c4 14. Qc2 Re8 15. Ne5 Bb4 16. Rf1 b5 17. b3 f6 18. Nxd7 Qxd7 19. bxc4 dxc4 20. d5 Bd6 21. Bxd6 Qxd6 22. Rd4 g6 23. h4 Re5 24. Rfd1 f5 25. e3 Rc8 26. Rb1 Qc5 27. Qc3 Bxd5 28. f4 Bxg2 29. fxe5 Qc6 30. Rbd1 Qf3 31. e6 1-0

[Event "Collado Villalba Grupo Gallinero op 1st"]
[Site "Collado Villalba"]
[Date "2022.08.12"]
[Round "1"]
[White "Sanchez Gonzalez, Sergio"]
[Black "Casas Gomez, Jose"]
[Result "1-0"]
[WhiteElo "2306"]
[BlackElo "1732"]
[PlyCount "91"]
[EventDate "2022.08.12"]
[EventType "swiss"]
[EventRounds "9"]
[EventCountry "ESP"]
[SourceTitle "CBM 210 Extra"]
[Source "ChessBase"]
[SourceDate "2022.11.30"]
[SourceVersion "1"]
[SourceVersionDate "2022.11.30"]
[SourceQuality "1"]

1. Nf3 d5 2. g3 Nf6 3. Bg2 Bf5 4. 0-0 e6 5. c4 c6 6. b3 Nbd7 7. d3 h6 8. Nbd2 Be7 9. Re1 Bh7 10. Bb2 0-0 11. Ne5 Nxe5 12. Bxe5 Nd7 13. Bb2 Bf6 14. d4 Qc7 15. Rc1 Rad8 16. e3 Qb8 17. f4 Nc5 18. cxd5 Nd3 19. dxc6 Nxc1 20. Bxc1 bxc6 21. Ba3 Rfe8 22. Bxc6 Rc8 23. Bxe8 Rxe8 24. Qf3 Qb5 25. Nc4 Be7 26. Bxe7 Rxe7 27. Qa8+ Re8 28. Qxa7 Qb4 29. Qa5 Qb7 30. Nd6 Qf3 31. Qc7 Rf8 32. Qb7 Qg4 33. Kf2 Bg6 34. Qf3 Qh3 35. Qg2 Qh5 36. Nc4 Bf5 37. g4 Bxg4 38. Rg1 f5 39. h3 Qh4+ 40. Qg3 Qxh3 41. Qxh3 Bxh3 42. a4 Rb8 43. Rb1 g5 44. a5 gxf4 45. exf4 Bg4 46. a6 1-0

[Event "Titled Tuesday intern op 01st Feb-B"]
[Site "Chess.com INT"]
[Date "2022.02.02"]
[Round "7"]
[White "Dourerassou, Jonathan"]
[Black "Sanchez Gonzalez, Sergio"]
[Result "1-0"]
[WhiteElo "2450"]
[BlackElo "2287"]
[PlyCount "93"]
[EventDate "2022.02.02"]
[EventType "swiss (blitz)"]
[EventRounds "11"]
[EventCountry "USA"]
[SourceTitle "CBM 206 Extra"]
[Source "ChessBase"]
[SourceDate "2022.03.31"]
[SourceVersion "1"]
[SourceVersionDate "2022.03.31"]
[SourceQuality "1"]

1. f4 d5 2. Nf3 Bg4 3. e3 Nd7 4. Be2 Bxf3 5. Bxf3 c6 6. b3 e5 7. fxe5 Nxe5 8. Bb2 Bd6 9. 0-0 Nf6 10. Nc3 0-0 11. Qe1 Qc7 12. Qh4 h6 13. Ne2 Nh7 14. Nd4 Ng5 15. Be2 Ng6 16. Qh5 Be5 17. Bd3 Ne4 18. Bxe4 dxe4 19. Rf5 Qe7 20. Bc3 c5 21. Ne2 Bxc3 22. Nxc3 Rad8 23. Nd5 Qe6 24. c4 b6 25. Raf1 Rd7 26. h3 Rfd8 27. R1f2 a6 28. Qg4 Ne7 29. Nf6+ Kh8 30. Nxd7 Nxf5 31. Nxb6 Qxb6 32. Qxf5 Qb7 33. Qxc5 Kg8 34. Qf5 Qd7 35. Qxe4 a5 36. d4 a4 37. d5 axb3 38. axb3 Re8 39. Qd4 Qb7 40. d6 Qxb3 41. d7 Rd8 42. Qd5 Qb1+ 43. Rf1 Qg6 44. c5 Kh7 45. c6 Qg3 46. Qe4+ Kg8 47. Qe8+ 1-0

[Event "Titled Tuesday intern op 01st Feb-B"]
[Site "Chess.com INT"]
[Date "2022.02.02"]
[Round "4"]
[White "Sanchez Gonzalez, Sergio"]
[Black "Ardila, Oscar Humberto"]
[Result "1-0"]
[WhiteElo "2287"]
[BlackElo "1988"]
[PlyCount "95"]
[EventDate "2022.02.02"]
[EventType "swiss (blitz)"]
[EventRounds "11"]
[EventCountry "USA"]
[SourceTitle "CBM 206 Extra"]
[Source "ChessBase"]
[SourceDate "2022.03.31"]
[SourceVersion "1"]
[SourceVersionDate "2022.03.31"]
[SourceQuality "1"]

1. c4 Nf6 2. Nf3 g6 3. Nc3 Bg7 4. g3 d6 5. Bg2 0-0 6. 0-0 e5 7. d4 Nbd7 8. dxe5 dxe5 9. h3 Re8 10. Bg5 h6 11. Be3 c6 12. Qd2 Kh7 13. Rad1 Qc7 14. Qc2 Nf8 15. b3 Bf5 16. Qc1 Rad8 17. Nh4 Bc8 18. Kh2 Ne6 19. Nf3 a5 20. Na4 c5 21. Nc3 Nd4 22. Bd2 b6 23. Ng1 Bb7 24. e3 Bxg2 25. Kxg2 Qc6+ 26. f3 Nf5 27. e4 Nd4 28. Nd5 Nxd5 29. cxd5 Qb5 30. Qc4 Qd7 31. Be3 f5 32. Bxd4 exd4 33. Qd3 fxe4 34. fxe4 Qe7 35. Rde1 Rf8 36. Nf3 Rde8 37. e5 Qd7 38. d6 b5 39. Nh4 Qe6 40. d7 Rd8 41. Rxf8 Rxf8 42. Qxb5 Qd5+ 43. Kg1 Bxe5 44. Qd3 Rg8 45. Nxg6 Rxg6 46. Rxe5 Qxe5 47. d8Q Qe1+ 48. Kg2 1-0

[Event "Titled Tuesday intern op 01st Feb-B"]
[Site "Chess.com INT"]
[Date "2022.02.02"]
[Round "8"]
[White "Sanchez Gonzalez, Sergio"]
[Black "Vakhlamov, Igor L"]
[Result "0-1"]
[WhiteElo "2287"]
[BlackElo "2413"]
[PlyCount "74"]
[EventDate "2022.02.02"]
[EventType "swiss (blitz)"]
[EventRounds "11"]
[EventCountry "USA"]
[SourceTitle "CBM 206 Extra"]
[Source "ChessBase"]
[SourceDate "2022.03.31"]
[SourceVersion "1"]
[SourceVersionDate "2022.03.31"]
[SourceQuality "1"]

1. Nf3 g6 2. d4 Bg7 3. g3 Nf6 4. Bg2 0-0 5. 0-0 c5 6. c4 cxd4 7. Nxd4 Nc6 8. Nc3 Qa5 9. Nxc6 dxc6 10. Qa4 Qh5 11. Qa3 Re8 12. Re1 Bh3 13. f3 Rad8 14. Be3 a6 15. Bf2 Be6 16. Rad1 Rxd1 17. Rxd1 Bxc4 18. Qb4 b5 19. Qa5 Nd5 20. Nxd5 cxd5 21. Rd2 d4 22. b3 Be6 23. Qxa6 Qc5 24. Rd1 Qc2 25. Re1 b4 26. Bf1 Rd8 27. Qb6 Ra8 28. Qxb4 Rxa2 29. Bxd4 Bxd4+ 30. Qxd4 Qxb3 31. Rc1 Ra8 32. Qc3 Qb6+ 33. Qc5 Qb2 34. Rc2 Qb1 35. Rc1 Qb3 36. Rc3 Qa4 37. Qxe7 Qd4+ 0-1

[Event "Titled Tuesday intern op 01st Feb-B"]
[Site "Chess.com INT"]
[Date "2022.02.02"]
[Round "1"]
[White "Sanchez Gonzalez, Sergio"]
[Black "Zhigalko, Sergei"]
[Result "0-1"]
[WhiteElo "2287"]
[BlackElo "2572"]
[PlyCount "66"]
[EventDate "2022.02.02"]
[EventType "swiss (blitz)"]
[EventRounds "11"]
[EventCountry "USA"]
[SourceTitle "CBM 206 Extra"]
[Source "ChessBase"]
[SourceDate "2022.03.31"]
[SourceVersion "1"]
[SourceVersionDate "2022.03.31"]
[SourceQuality "1"]

1. c4 e5 2. Nc3 Nf6 3. Nf3 Nc6 4. e3 Bb4 5. Qc2 d6 6. a3 Bxc3 7. Qxc3 a5 8. d3 0-0 9. b3 Bg4 10. Be2 e4 11. dxe4 Nxe4 12. Qc2 Re8 13. Bb2 Bf5 14. Bd3 Bg6 15. h4 h5 16. Ng5 Nxg5 17. Bxg6 fxg6 18. Qxg6 Ne6 19. Rh3 Qe7 20. 0-0-0 Qf7 21. Qc2 Ne5 22. Rg3 Ng4 23. Rd2 Nc5 24. Rd4 Ne6 25. Rd2 Rf8 26. Qe4 Nc5 27. Qd4 Nxb3+ 28. Kc2 Nxd4+ 29. Bxd4 Qxc4+ 30. Bc3 Rf7 31. f3 Nxe3+ 32. Kb2 Nf1 33. Rd4 Qb5+ 0-1

[Event "Madrid-chT Honor 2122"]
[Site "Madrid"]
[Date "2022.01.23"]
[Round "6.3"]
[White "Fernandez Lledo, Javier"]
[Black "Sanchez Gonzalez, Sergio"]
[Result "0-1"]
[WhiteElo "2245"]
[BlackElo "2287"]
[PlyCount "212"]
[EventDate "2021.11.27"]
[EventType "team-tourn"]
[EventRounds "14"]
[EventCountry "ESP"]
[SourceTitle "EXT 2024"]
[Source "ChessBase"]
[SourceDate "2023.10.10"]
[SourceVersion "1"]
[SourceVersionDate "2023.10.10"]
[SourceQuality "1"]
[WhiteTeam "Alcala de Henares"]
[BlackTeam "Villalba 64"]
[WhiteTeamCountry "ESP"]
[BlackTeamCountry "ESP"]

1. Nf3 d5 2. b3 Bg4 3. e3 e5 4. h3 Bxf3 5. Qxf3 Nf6 6. Bb2 Nc6 7. Bb5 Bd6 8. d3 0-0 9. Bxc6 bxc6 10. Nd2 a5 11. a4 Nd7 12. e4 Bb4 13. exd5 cxd5 14. c3 Be7 15. 0-0 Bg5 16. Rfd1 Bxd2 17. Rxd2 Nc5 18. Qd1 Qg5 19. Bc1 Rfb8 20. b4 Ne6 21. b5 Qf5 22. Qg4 Qxg4 23. hxg4 Nc5 24. Ra3 c6 25. d4 Ne4 26. Rb2 cxb5 27. dxe5 b4 28. cxb4 axb4 29. Rab3 Rxa4 30. Be3 h6 31. f3 Ng5 32. Bc5 Ne6 33. Rxb4 Rbxb4 34. Bxb4 Ra1+ 35. Kf2 d4 36. Rd2 Rb1 37. Bd6 Rb5 38. g3 g5 39. f4 gxf4 40. gxf4 Nxf4 41. Rxd4 Ne6 42. Rd3 Kg7 43. Re3 Rb7 44. Kg3 Ng5 45. Re2 Ra7 46. Re3 Ra4 47. Be7 Ne4+ 48. Kf3 Nd2+ 49. Ke2 Ne4 50. Kf3 Nd2+ 51. Ke2 Nc4 52. Bf6+ Kg6 53. Rc3 Nb6 54. Rc6 Nd5 55. Bd8+ Kg7 56. g5 hxg5 57. Bxg5 Re4+ 58. Kf3 Rxe5 59. Bh6+ Kh7 60. Bd2 f6 61. Rd6 Kg6 62. Bc1 Rf5+ 63. Kg3 Nc3 64. Re6 Na4 65. Be3 Rd5 66. Re4 Nc3 67. Rg4+ Kf5 68. Rf4+ Ke5 69. Rf3 Ne4+ 70. Kg2 f5 71. Bf4+ Kf6 72. Ra3 Nc5 73. Ra5 Ne6 74. Ra6 Rd4 75. Be3 Rd5 76. Kf3 Ke5 77. Ra4 Rb5 78. Ra6 Rb3 79. Ra5+ Kf6 80. Ke2 f4 81. Bxf4 Nxf4+ 82. Kd2 Ke6 83. Kc2 Re3 84. Kd2 Re2+ 85. Kc3 Nd5+ 86. Kd3 Rf2 87. Ra8 Rf3+ 88. Ke2 Re3+ 89. Kf2 Rb3 90. Re8+ Kf5 91. Rf8+ Nf6 92. Ke2 Ke5 93. Rh8 Kd4 94. Rd8+ Ke4 95. Kd2 Nd5 96. Kc2 Rg3 97. Re8+ Kd4 98. Rd8 Rg7 99. Kb2 Rb7+ 100. Kc2 Rb6 101. Rd7 Rb8 102. Rd6 Rh8 103. Rd7 Kc4 104. Rg7 Rh2+ 105. Kd1 Kd3 106. Kc1 Rc2+ 0-1

[Event "Madrid-chT Honor 2122"]
[Site "Madrid"]
[Date "2021.11.28"]
[Round "1.4"]
[White "Sanchez Gonzalez, Sergio"]
[Black "De la Puerta Cresis, Javier"]
[Result "1/2-1/2"]
[WhiteElo "2288"]
[BlackElo "2139"]
[PlyCount "78"]
[EventDate "2021.11.27"]
[EventType "team-tourn"]
[EventRounds "14"]
[EventCountry "ESP"]
[SourceTitle "EXT 2024"]
[Source "ChessBase"]
[SourceDate "2023.10.10"]
[SourceVersion "1"]
[SourceVersionDate "2023.10.10"]
[SourceQuality "1"]
[WhiteTeam "Villalba 64"]
[BlackTeam "La Didactica"]
[WhiteTeamCountry "ESP"]
[BlackTeamCountry "ESP"]

1. Nf3 c5 2. c4 Nf6 3. Nc3 d5 4. cxd5 Nxd5 5. g3 Nc6 6. Bg2 Nc7 7. d3 e5 8. 0-0 Be7 9. Nd2 Bd7 10. Nc4 f6 11. a4 Rb8 12. f4 exf4 13. Bxf4 Rc8 14. Ne4 0-0 15. Ncd6 Rb8 16. Nxc5 Bc8 17. Ncxb7 Bxb7 18. Nxb7 Rxb7 19. Bxc6 Rb6 20. Qc1 Ne6 21. Qc4 Bc5+ 22. Kh1 Rxc6 23. b4 Qa8 24. bxc5 Rxc5+ 25. Qe4 Qxe4+ 26. dxe4 Nxf4 27. gxf4 Re8 28. Rfc1 Rxc1+ 29. Rxc1 Rxe4 30. Rc8+ Kf7 31. Rc7+ Re7 32. Rc2 Kg6 33. Kg2 Re4 34. a5 Rxf4 35. Rc7 Re4 36. Kf3 Rh4 37. Kg3 Re4 38. Kf3 Rh4 39. Kg3 Re4 1/2-1/2

[Event "ESP-chT Rapid"]
[Site "Ciudad Real"]
[Date "2021.10.09"]
[Round "4.6"]
[White "Ventura Bolet, Maxim"]
[Black "Sanchez Gonzalez, Sergio"]
[Result "0-1"]
[WhiteElo "2268"]
[BlackElo "2288"]
[PlyCount "78"]
[EventDate "2021.10.09"]
[EventType "team-swiss (rapid)"]
[EventRounds "9"]
[EventCountry "ESP"]
[SourceTitle "CBM 204 Extra"]
[Source "ChessBase"]
[SourceDate "2021.11.30"]
[SourceVersion "1"]
[SourceVersionDate "2021.11.30"]
[SourceQuality "1"]
[WhiteTeam "Villa Olimpica"]
[BlackTeam "Madrid 64Villalba"]
[WhiteTeamCountry "ESP"]
[BlackTeamCountry "ESP"]

1. Nf3 Nf6 2. c4 e6 3. b3 d5 4. Bb2 Be7 5. e3 0-0 6. Qc2 c5 7. cxd5 Nxd5 8. Nc3 b6 9. a3 Bb7 10. h4 Nxc3 11. Bxc3 h6 12. Be2 Bf6 13. g4 Bxc3 14. dxc3 Nc6 15. Rh3 g6 16. Nd2 Kg7 17. 0-0-0 Qe7 18. f4 Rad8 19. h5 g5 20. fxg5 Qxg5 21. Ne4 Rxd1+ 22. Bxd1 Qe5 23. g5 hxg5 24. Rg3 f6 25. Nxg5 f5 26. Nxe6+ Kf7 27. Nxf8 Qxg3 28. Qxf5+ Ke7 29. Ng6+ Kd8 30. Qd3+ Kc7 31. Nf4 Ba6 32. Ne6+ Kb8 33. c4 Qe5 34. Nd8 Na5 35. h6 Bc8 36. h7 Bf5 37. h8Q Qxh8 38. Qd6+ Kc8 39. Ne6 Qc3+ 0-1

[Event "ESP-chT CECLUB Div2"]
[Site "Linares"]
[Date "2021.08.11"]
[Round "4.4"]
[White "Ramirez Diaz, Jose Ramon"]
[Black "Sanchez Gonzalez, Sergio"]
[Result "0-1"]
[WhiteElo "2174"]
[BlackElo "2284"]
[PlyCount "70"]
[EventDate "2021.08.09"]
[EventType "team-swiss"]
[EventRounds "7"]
[EventCountry "ESP"]
[SourceTitle "CBM 203 Extra"]
[Source "ChessBase"]
[SourceDate "2021.09.30"]
[SourceVersion "1"]
[SourceVersionDate "2021.09.30"]
[SourceQuality "1"]
[WhiteTeam "Tomelloso"]
[BlackTeam "Villalba 64 Miscasa"]
[WhiteTeamCountry "ESP"]
[BlackTeamCountry "ESP"]

1. e4 e6 2. d4 d5 3. Nd2 c5 4. exd5 exd5 5. Ngf3 Nf6 6. Bb5+ Bd7 7. Be2 Nc6 8. 0-0 c4 9. Re1 Be7 10. Nf1 0-0 11. Bf4 Be6 12. h3 b5 13. Ne5 Nxe5 14. Bxe5 b4 15. Ne3 c3 16. bxc3 bxc3 17. Qd3 Nd7 18. Bh2 Qa5 19. f4 Nf6 20. Reb1 Bd7 21. Rb3 Ba3 22. Qa6 Qxa6 23. Bxa6 Bb2 24. Rd1 Rfe8 25. Rd3 Ba4 26. Rb4 Rxe3 27. Rxa4 Re1+ 28. Kf2 Rae8 29. Rf3 Rc1 30. Bd3 Ne4+ 31. Bxe4 dxe4 32. Re3 Rxc2+ 33. Kg3 Rd2 34. Rc4 c2 35. Rxe4 Kf8 0-1

[Event "Madrid-chT 2021"]
[Site "Madrid"]
[Date "2021.04.24"]
[Round "9.5"]
[White "Sanchez Gonzalez, Sergio"]
[Black "Fernandez Rosado, Roberto"]
[Result "1-0"]
[WhiteElo "2281"]
[BlackElo "2081"]
[PlyCount "73"]
[EventDate "2021.01.23"]
[EventType "team-tourn"]
[EventRounds "14"]
[EventCountry "ESP"]
[SourceTitle "EXT 2022"]
[Source "ChessBase"]
[SourceDate "2021.10.06"]
[SourceVersion "1"]
[SourceVersionDate "2021.10.06"]
[SourceQuality "1"]
[WhiteTeam "Villalba 64"]
[BlackTeam "Capablanca"]
[WhiteTeamCountry "ESP"]
[BlackTeamCountry "ESP"]

1. Nf3 Nf6 2. c4 e6 3. g3 d5 4. Bg2 c6 5. b3 Be7 6. 0-0 0-0 7. Bb2 b6 8. d3 Bb7 9. Nbd2 Nbd7 10. e4 dxe4 11. dxe4 Nc5 12. e5 Ne8 13. Ne1 Rb8 14. Qe2 Qc7 15. Rd1 g6 16. Nc2 Ng7 17. g4 Nd7 18. f4 Bc5+ 19. Kh1 Rfd8 20. Ne4 Be7 21. Nd6 Nf8 22. Ne3 Ne8 23. Nxb7 Qxb7 24. f5 Bg5 25. Nc2 Rbc8 26. Nd4 Rxd4 27. Rxd4 Qe7 28. Rd3 c5 29. Qc2 exf5 30. gxf5 Ng7 31. fxg6 hxg6 32. Rdf3 Nf5 33. Rxf5 gxf5 34. Qxf5 Bh6 35. Bd5 Bg7 36. Bxf7+ Kh8 37. Rf3 1-0

[Event "EU-Cup Online Gr-D"]
[Site "Tornelo INT"]
[Date "2021.03.28"]
[Round "9.2"]
[White "McShane, Luke J"]
[Black "Sanchez Gonzalez, Sergio"]
[Result "1-0"]
[WhiteElo "2674"]
[BlackElo "2281"]
[PlyCount "67"]
[EventDate "2021.03.27"]
[EventType "team-tourn (rapid)"]
[EventRounds "9"]
[EventCountry "NET"]
[SourceTitle "CBM 201 Extra"]
[Source "ChessBase"]
[SourceDate "2021.05.31"]
[SourceVersion "1"]
[SourceVersionDate "2021.05.31"]
[SourceQuality "1"]
[WhiteTeam "Guildford"]
[BlackTeam "Villalba 64 Miscasa II"]
[WhiteTeamCountry "ENG"]
[BlackTeamCountry "ESP"]

1. e4 c5 2. Nf3 d6 3. d4 cxd4 4. Nxd4 Nf6 5. Nc3 e6 6. g4 h6 7. h4 Nc6 8. g5 hxg5 9. Bxg5 Qb6 10. Nb3 a6 11. Qe2 Nd4 12. Qd3 Nxb3 13. axb3 Bd7 14. f3 Bc6 15. 0-0-0 Nd7 16. Nd5 Bxd5 17. exd5 e5 18. Bh3 Nc5 19. Qe2 Be7 20. Kb1 Qd8 21. Be3 Nd7 22. h5 Nf6 23. f4 Rxh5 24. Bg4 Rxh1 25. Rxh1 Qa5 26. Rh8+ Bf8 27. fxe5 Nxg4 28. Qxg4 Qe1+ 29. Bc1 Qxe5 30. Rh5 Qe7 31. Rh3 Qd7 32. Qe2+ Kd8 33. Rh8 Kc7 34. Qc4+ 1-0

[Event "Madrid-chT 2021"]
[Site "Madrid"]
[Date "2021.03.13"]
[Round "4.5"]
[White "Alarcia Astiz, Carlos"]
[Black "Sanchez Gonzalez, Sergio"]
[Result "1/2-1/2"]
[WhiteElo "2306"]
[BlackElo "2281"]
[PlyCount "112"]
[EventDate "2021.01.23"]
[EventType "team-tourn"]
[EventRounds "14"]
[EventCountry "ESP"]
[SourceTitle "EXT 2022"]
[Source "ChessBase"]
[SourceDate "2021.10.06"]
[SourceVersion "1"]
[SourceVersionDate "2021.10.06"]
[SourceQuality "1"]
[WhiteTeam "Blanco y Negro"]
[BlackTeam "Villalba 64"]
[WhiteTeamCountry "ESP"]
[BlackTeamCountry "ESP"]

1. e4 c5 2. Nf3 e6 3. d4 cxd4 4. Nxd4 Nf6 5. Nc3 d6 6. f4 a6 7. Bd3 Be7 8. Nf3 Nbd7 9. 0-0 b5 10. a3 Bb7 11. Qe1 Nc5 12. b4 Nxd3 13. cxd3 Rc8 14. Bb2 a5 15. Kh1 axb4 16. axb4 Qb6 17. Qd2 d5 18. e5 Ng4 19. Ne2 0-0 20. Bd4 Qc6 21. Rfc1 Qd7 22. h3 Nh6 23. g4 Rxc1+ 24. Nxc1 f6 25. Nb3 Nf7 26. Kg2 fxe5 27. Nxe5 Nxe5 28. fxe5 Qe8 29. Rf1 Rxf1 30. Kxf1 Qf8+ 31. Qf2 Qxf2+ 32. Kxf2 Bxb4 33. Bc5 Bc3 34. Bd4 b4 35. Ke2 Bxd4 36. Nxd4 Kf7 37. Kd2 Bc8 38. Kc2 Kg6 39. h4 Kf7 40. Kb3 Ba6 41. Kxb4 Bxd3 42. Kc5 Ke7 43. Nc6+ Kd7 44. Nb4 Be2 45. g5 Ke7 46. Kd4 Kf7 47. Ke3 Bf1 48. Nc6 Bh3 49. Kf4 Ke8 50. Nd4 Kd7 51. Kg3 Bf5 52. Kf4 g6 53. Ke3 Kd8 54. Kd2 Kc7 55. Kc3 Bg4 56. Kb4 Kb6 1/2-1/2

[Event "Madrid-chT 1920 Honor"]
[Site "Madrid"]
[Date "2020.03.08"]
[Round "12.2"]
[White "Khudov, Oleksandr"]
[Black "Sanchez Gonzalez, Sergio"]
[Result "1-0"]
[WhiteElo "2181"]
[BlackElo "2292"]
[PlyCount "103"]
[EventDate "2019.11.24"]
[EventType "team-tourn"]
[EventRounds "12"]
[EventCountry "ESP"]
[SourceTitle "EXT 2021"]
[Source "ChessBase"]
[SourceDate "2020.10.23"]
[SourceVersion "1"]
[SourceVersionDate "2020.10.23"]
[SourceQuality "1"]
[WhiteTeam "Getafe"]
[BlackTeam "Liberty Chess"]
[WhiteTeamCountry "ESP"]
[BlackTeamCountry "ESP"]

1. d4 Nf6 2. Bf4 c5 3. e3 d5 4. c3 Nc6 5. Nf3 Bg4 6. Qb3 Qc8 7. Nbd2 c4 8. Qc2 Bf5 9. Qd1 h6 10. Be2 e6 11. 0-0 Be7 12. Re1 0-0 13. Qc1 Re8 14. Bd1 b5 15. b3 b4 16. bxc4 bxc3 17. Qxc3 Bb4 18. Qc1 dxc4 19. Qxc4 Ne4 20. Ba4 Nxd2 21. Nxd2 Bxd2 22. Red1 Nxd4 23. Qxc8 Ne2+ 24. Kf1 Rexc8 25. Kxe2 Bc3 26. Rac1 Bb2 27. Rxc8+ Rxc8 28. Bg3 a5 29. f3 Bc2 30. Bxc2 Rxc2+ 31. Rd2 Rxd2+ 32. Kxd2 Kf8 33. Kc2 Ba3 34. Kb3 Bc5 35. e4 f5 36. exf5 exf5 37. Bc7 g5 38. Bxa5 Kf7 39. Kc4 Bd6 40. h3 h5 41. Bd2 g4 42. a4 Ke6 43. a5 Kd7 44. Kd5 Bg3 45. a6 Kc7 46. Ke6 Kb6 47. Kxf5 gxf3 48. gxf3 Kxa6 49. Ke6 Kb7 50. f4 Kc8 51. f5 Kd8 52. f6 1-0

[Event "Madrid-chT 1920 Honor"]
[Site "Madrid"]
[Date "2020.02.15"]
[Round "9.1"]
[White "Moreno Trujillo, Alejandro"]
[Black "Sanchez Gonzalez, Sergio"]
[Result "1/2-1/2"]
[WhiteElo "2505"]
[BlackElo "2286"]
[PlyCount "79"]
[EventDate "2019.11.24"]
[EventType "team-tourn"]
[EventRounds "12"]
[EventCountry "ESP"]
[SourceTitle "EXT 2021"]
[Source "ChessBase"]
[SourceDate "2020.10.23"]
[SourceVersion "1"]
[SourceVersionDate "2020.10.23"]
[SourceQuality "1"]
[WhiteTeam "Villalba 64"]
[BlackTeam "Liberty Chess"]
[WhiteTeamCountry "ESP"]
[BlackTeamCountry "ESP"]

1. d4 Nf6 2. c4 e6 3. Nc3 Bb4 4. e3 0-0 5. Nge2 d5 6. a3 Be7 7. cxd5 Nxd5 8. e4 Nxc3 9. bxc3 c5 10. g3 cxd4 11. cxd4 Bd7 12. Bg2 Bb5 13. 0-0 Nc6 14. d5 exd5 15. exd5 Ne5 16. a4 Ba6 17. Bf4 Bf6 18. Bxe5 Bxe5 19. Rc1 Bd6 20. Bf3 Qa5 21. Qc2 Rae8 22. Rfd1 Re7 23. Nd4 Rfe8 24. Kg2 Rc7 25. Qb3 Rxc1 26. Rxc1 Qd2 27. Qd1 Qxd1 28. Rxd1 g6 29. Nb5 Bxb5 30. axb5 Rd8 31. Rd2 Kf8 32. Ra2 Bc5 33. Rc2 Bb6 34. Re2 Rd7 35. Kf1 Bc5 36. Rc2 Rc7 37. d6 Bxd6 38. Rxc7 Bxc7 39. Bxb7 Bb6 40. Bd5 1/2-1/2

[Event "Madrid-chT 1920 Honor"]
[Site "Madrid"]
[Date "2020.02.02"]
[Round "7.1"]
[White "Elissalt Cardenas, Hector"]
[Black "Sanchez Gonzalez, Sergio"]
[Result "1-0"]
[WhiteElo "2267"]
[BlackElo "2286"]
[PlyCount "73"]
[EventDate "2019.11.24"]
[EventType "team-tourn"]
[EventRounds "12"]
[EventCountry "ESP"]
[SourceTitle "EXT 2021"]
[Source "ChessBase"]
[SourceDate "2020.10.23"]
[SourceVersion "1"]
[SourceVersionDate "2020.10.23"]
[SourceQuality "1"]
[WhiteTeam "Tajamar"]
[BlackTeam "Liberty Chess"]
[WhiteTeamCountry "ESP"]
[BlackTeamCountry "ESP"]

1. c4 Nf6 2. Nc3 c5 3. g3 e6 4. Nf3 b6 5. Bg2 Bb7 6. 0-0 Be7 7. Re1 Ne4 8. Nxe4 Bxe4 9. d3 Bb7 10. e4 0-0 11. d4 cxd4 12. Nxd4 d6 13. b3 Nd7 14. Bb2 a6 15. Qd2 Qc7 16. f4 Rfe8 17. Rad1 Bf8 18. Kh1 Rad8 19. Qe2 e5 20. Nf5 Nc5 21. Qg4 g6 22. Qg5 h5 23. Rd5 Bxd5 24. exd5 Nd3 25. fxe5 Nxb2 26. e6 Bg7 27. Nxg7 Kxg7 28. Qd2 fxe6 29. dxe6 Nxc4 30. bxc4 Qxc4 31. Bd5 Qc5 32. Rc1 Rc8 33. Rxc5 Rxc5 34. Qd4+ Kh7 35. Qf6 Rc7 36. Be4 Rg7 37. Bxg6+ 1-0